000 00295nam a2200121Ia 4500
005 20251222154424.0
008 251222s9999||||xx |||||||||||||| ||spa||
020 _a84-239-1676-6
082 _a868.6/D68O
100 _a"Díaz Plaja, Fernando"
245 0 _aOtra historia de España
942 _cLIB
999 _c36162
_d36162